Modelová konferencia praktický negociačný manuál
Salvato in:
| Autore principale: | |
|---|---|
| Ente Autore: | |
| Altri autori: | , |
| Natura: | Libro |
| Lingua: | slovacco |
| Pubblicazione: |
Bratislava
Vydavateľstvo EKONÓM
2010
|
| Soggetti: | |
| Tags: |
Nessun Tag, puoi essere il primo ad aggiungerne!!
|
MARC
| LEADER | 00000nam a2200000 4500 | ||
|---|---|---|---|
| 001 | 0123688 | ||
| 005 | 20240502072408.8 | ||
| 020 | |a 978-80-225-3105-4 | ||
| 041 | 0 | |a slo | |
| 044 | |a SK | ||
| 245 | 1 | 0 | |a Modelová konferencia |b praktický negociačný manuál |c Peter Rusiňák a kol. |
| 264 | 1 | |a Bratislava |b Vydavateľstvo EKONÓM |c 2010 | |
| 300 | |a 77 s. [3,00 AH] | ||
| 610 | 2 | 0 | |a diplomacia |
| 610 | 2 | 0 | |a vyjednávanie |
| 610 | 2 | 0 | |a zručnosti |
| 610 | 2 | 0 | |a vzťahy medzinárodné |
| 610 | 2 | 0 | |a politika medzinárodná |
| 610 | 2 | 0 | |a efektívnosť |
| 610 | 2 | 0 | |a komunikácia |
| 610 | 2 | 0 | |a konferencie |
| 610 | 2 | 0 | |a modely |
| 610 | 2 | 0 | |a simulácia |
| 610 | 2 | 0 | |a študenti |
| 610 | 2 | 0 | |a spolupráca medzinárodná |
| 610 | 2 | 0 | |a technológie informačné |
| 610 | 2 | 0 | |a technológie komunikačné |
| 100 | 1 | |a Rusiňák, Peter, 1985- | |
| 700 | 1 | |a Rusiňák, Peter | |
| 700 | 1 | |a Polgár, Michal | |
| 710 | 2 | |a Ekonomická univerzita v Bratislave. Fakulta medzinárodných vzťahov | |